Alive

Detalles Bibliográficos
Título anterior:Caravan (New Delhi, India)
Formato: Electrónico Revista
Lenguaje:inglés
Publicado: New Delhi : Vishwa Nath, [1988]-
Materias:
Acceso en línea:Full text available from Research Library: 09/01/2012 to 08/31/2017

MARC

LEADER 00000nas a2200000 a 4500
001 ssj0000651460
003 WaSeSS
005 20200512172242.0
006 m d
007 cr n
008 890509c19889999ii br p s 0 a0eng
010 |a  89644437   |z  88912711  
022 |l 0971-0639  |y 0971-0639 
035 |a (WaSeSS)ssj0000651460 
040 |a DLC  |b eng  |c DLC  |d CRL  |d NST  |d DLC  |d CRL  |d DLC  |d OCLCQ  |d DLC  |d OCLCQ  |d OCLCF  |d CRL  |d OCLCO  |d OCLCA  |d CUY  |d DLC  |d WaSeSS 
042 |a pcc 
043 |a a-ii--- 
050 0 0 |a AP8  |b .C25 
082 0 0 |a 954/.005  |2 20 
130 0 |a Alive (New Delhi, India) 
210 1 |a Alive  |b (Sahibabad) 
222 0 |a Alive  |b (Sahibabad) 
245 1 0 |a Alive  |h [electronic resource]. 
260 |a New Delhi :  |b Vishwa Nath,  |c [1988]- 
310 |a Bimonthly,  |b 2019- 
321 |a Monthly,  |b <1999>-2018 
321 |a Semimonthly,  |b 1988- 
362 1 |a Began with Jan. 1st, no. 1 (1988). 
506 |a License restrictions may limit access. 
515 |a Issues for <Jan. 1999-Dec. 1999> called also <no. 195-no. 206> 
588 |a Description based on: Jan. 1st, no. 1 (1988); title from cover. 
588 |a Latest issue consulted: no. 433 (Jan./Feb. 2019). 
651 0 |a India  |v Periodicals. 
651 7 |a India.  |2 fast  |0 (OCoLC)fst01210276 
655 0 |a Electronic journals. 
780 0 0 |t Caravan (New Delhi, India)  |x 0008-6150  |w (DLC) 50055659  |w (OCoLC)1553333 
850 |a DLC  |a ICRL  |a NSyU  |a PU 
856 4 0 |z Full text available from Research Library: 09/01/2012 to 08/31/2017  |u https://search.proquest.com/publication/1766369